000 00705nam a2200229 a 4500
001 67131
003 BD-RjUL
005 20211209081623.0
008 170322s1951 nmu||||| |||| 001 0 eng d
035 _a(BD-RjUL)67262
040 _aBD-RjUL
_beng
_cBD-RjUL
_dBD-RjUL
041 _aeng
082 _223
_a131
_bMIP 1951
100 _aMillan, Alfonso
_9198872
245 _aProceedings of the fourth International Congress on Mental Health /
_cAlfonso Millan
260 _aMexico :
_bLa Prensa Medica Meseicon,
_c1951.
300 _a386 p. ;
_c24 cm.
500 _aInclude Index.
650 _aParapsychological and occult methods for achieving
_9198873
650 _aHappiness
_9198874
942 _2ddc
_cBK
999 _c67131
_d67131